Actes: Didactique et acquisition des connaissances scientifiques

Salvato in:
Dettagli Bibliografici
Autori principali: Vergnaud, Gérard (Autore), Brousseau, Guy (Autore), Hulin, Michel (Autore)
Natura: Libro
Lingua:francese
Pubblicazione: Marsella La Pensée Sauvage 1988
Soggetti:
Tags: Aggiungi Tag
Nessun Tag, puoi essere il primo ad aggiungerne!!

MARC

LEADER 00000nam a2200000 a 4500
001 UCW1147
003 CL-VaPUC
008 911001e19880000FR |||||||||||||||||fre|d
082 0 4 |a 510.7  |b VER  |2 21 
100 0 |a Vergnaud, Gérard  |e author  |9 305054 
700 0 |a Brousseau, Guy  |e author  |9 305055 
700 0 |a Hulin, Michel  |e author  |9 305056 
245 1 0 |a Actes: Didactique et acquisition des connaissances scientifiques 
300 |a 410 p 
942 |c BK 
945 |d 19911001 00:00:00 
260 |a Marsella  |b La Pensée Sauvage  |c 1988 
650 0 |a Matemáticas  |x Enseñanza  |9 875527 
583 |a last modification  |c 20140821 04:22:03  |k Rodrigo Vera 
999 |c 216085  |d 216083 
952 |0 0  |1 0  |4 0  |6 510_700000000000000_VER_1988  |7 0  |8 A  |9 201541  |a BIBMAT  |b BIBMAT  |c E_DIDACT  |d 2019-11-14  |i 2687895  |o 510.7 VER 1988  |p 2687895  |r 2025-01-07  |w 2019-11-14  |y BK  |k MAT